[Event "Mechanics' Spring TNM; 30/90, SD/30"]
[Site "San Francisco"]
[Date "2011.04.19"]
[Round "6.13"]
[White "Hua, Arnold"]
[Black "MacIntyre, Brendan"]
[Result "1-0"]
[WhiteElo "1845"]
[BlackElo "1646"]
[PlyCount "83"]
[EventDate "2011.??.??"]

1. e4 c5 2. Nf3 Nc6 3. d4 cxd4 4. Nxd4 g6 5. c4 Bg7 6. Be3 Nf6 7. Nc3 O-O 8.
Be2 d6 9. Nc2 Qa5 10. O-O a6 11. f3 Be6 12. Nd5 Bxd5 13. cxd5 Ne5 14. Nd4 Rac8
15. Qb3 Rc7 16. Rfd1 Rfc8 17. Ne6 b5 (17... fxe6 18. Bb6 Rc3 19. bxc3 Qxc3 $16)
18. Nxc7 Qxc7 19. Rac1 Qd7 20. Rxc8+ Qxc8 21. Rc1 Qd8 22. a4 Nc4 23. Bxc4 bxc4
24. Qxc4 Qa5 25. Qc8+ Bf8 26. Bh6 Nd7 27. Qe8 Qb6+ 28. Kh1 Qxb2 29. h3 g5 30.
Bxg5 Nf6 31. Qd8 h5 32. Rc8 Qa1+ 33. Kh2 Nh7 (33... Qe5+ 34. f4) 34. Qxe7 Qg7
35. Bf4 Nf6 36. Bxd6 Nh7 37. e5 Qh6 38. e6 Qg7 39. Qe8 fxe6 40. dxe6 Qf6 41. f4
h4 42. Be5 1-0

[Event "Mechanics' Spring TNM; 30/90, SD/30"]
[Site "San Francisco"]
[Date "2011.03.29"]
[Round "3.5"]
[White "Hua, Arnold"]
[Black "Rumph, Todd"]
[Result "1-0"]
[WhiteElo "1845"]
[BlackElo "2161"]
[PlyCount "95"]
[EventDate "2011.??.??"]

1. e4 e5 2. Nf3 Nc6 3. Bb5 a6 4. Ba4 d6 5. Bxc6+ bxc6 6. d4 f6 7. h3 Be6 8. Nc3
Ne7 9. dxe5 fxe5 10. Ng5 Bg8 11. Qg4 Qd7 12. Qxd7+ Kxd7 13. O-O h6 14. Nf3 g5
15. Be3 Ng6 16. Rad1 Be6 17. g4 Be7 18. Rfe1 Raf8 19. Kg2 Rf7 20. Ne2 Rhf8 21.
Neg1 h5 22. gxh5 Nh4+ 23. Nxh4 gxh4 24. h6 Rg8+ 25. Kh2 Bg5 26. Rd2 Kc8 27. b3
Bf4+ 28. Bxf4 Rxf4 29. f3 Rh8 30. Rg2 Rxh6 31. Rg7 Rf7 32. Rxf7 Bxf7 33. Re2
Bh5 34. Kg2 Kb7 35. Kf1 Rf6 36. Rf2 Kb6 37. Ke2 d5 38. Ke3 Kc5 39. a3 Kd6 40.
Ne2 a5 41. Rf1 Ke6 42. a4 Rf8 43. Rf2 Rb8 44. Nc1 Rg8 45. Ne2 dxe4 46. Kxe4 Rd8
47. f4 Bg6+ $4 48. f5+ 1-0

[Event "Mechanics' Spring TNM; 30/90, SD/30"]
[Site "San Francisco"]
[Date "2011.04.12"]
[Round "5.8"]
[White "Hua, Arnold"]
[Black "Todortsev, Victor"]
[Result "0-1"]
[WhiteElo "1845"]
[BlackElo "1926"]
[PlyCount "60"]
[EventDate "2011.??.??"]

1. e4 e5 2. Nf3 Nc6 3. Bb5 a6 4. Ba4 d6 5. Bxc6+ bxc6 6. d4 exd4 7. Qxd4 c5 8.
Qd3 Nf6 9. O-O Bb7 10. e5 Nd5 11. exd6 cxd6 12. Re1+ Be7 13. a3 O-O 14. c4 Nb6
15. Nc3 Bf6 16. Nd5 Nxd5 17. cxd5 Qd7 18. Bf4 Bxb2 19. Rab1 Bf6 20. Rb6 Be5 21.
Ng5 g6 22. Ne4 Kg7 23. Nf6 Bxf6 24. Rxd6 Qf5 25. Qe3 Bd4 26. Bh6+ Kg8 27. Qe7
Bxf2+ 28. Kh1 Bxe1 29. Rf6 Qxd5 30. Rf3 Bh4 0-1

[Event "Mechanics' Spring TNM; 30/90, SD/30"]
[Site "San Francisco"]
[Date "2011.03.29"]
[Round "3.17"]
[White "James, Charles"]
[Black "Dembling, Arthur"]
[Result "1-0"]
[WhiteElo "1359"]
[BlackElo "1848"]
[PlyCount "59"]
[EventDate "2011.??.??"]

1. d4 Nf6 2. c4 e6 3. Nc3 Bb4 4. Qc2 d5 5. a3 Bxc3+ 6. Qxc3 Ne4 7. Qc2 c5 8.
Nf3 Nc6 9. e3 Qa5+ 10. Bd2 Nxd2 11. Nxd2 cxd4 12. O-O-O Bd7 13. Nb3 Qb6 14. c5
Qc7 15. exd4 Rc8 16. Bd3 Qf4+ 17. Qd2 Qf6 18. Qe3 O-O 19. g4 Rfe8 20. g5 Qe7
21. f4 Qd8 22. Qh3 g6 23. Qh6 b6 24. h4 Qe7 25. h5 Qf8 26. hxg6 Qxh6 27. Rxh6
fxg6 28. Rdh1 Re7 29. Bxg6 hxg6 30. Rh8+ 1-0

[Event "Mechanics' Spring TNM; 30/90, SD/30"]
[Site "San Francisco"]
[Date "2011.03.15"]
[Round "1.16"]
[White "James, Charles"]
[Black "Ramachandran, Jayakrishnan"]
[Result "0-1"]
[WhiteElo "1359"]
[BlackElo "1852"]
[PlyCount "54"]
[EventDate "2011.??.??"]

1. d4 Nf6 2. c4 e6 3. Nc3 d5 4. cxd5 exd5 5. Bg5 Be7 6. e3 Nbd7 7. Bd3 O-O 8.
Nge2 Re8 9. Qc2 h6 10. Bh4 c6 11. f3 Nh5 12. Bxe7 Qxe7 13. e4 dxe4 14. Nxe4
Nhf6 15. O-O Nd5 16. Qd2 N7f6 17. a3 Bf5 18. N2g3 Bg6 19. Rae1 Qd8 20. Rf2 Nxe4
21. fxe4 Nf6 22. Bc4 Qb6 23. Kh1 Rad8 24. Nf5 Nxe4 25. Rxe4 Rxe4 26. Bxf7+ Bxf7
27. Rf3 c5 0-1

[Event "Mechanics' Spring TNM; 30/90, SD/30"]
[Site "San Francisco"]
[Date "2011.05.03"]
[Round "8.3"]
[White "Jones, James"]
[Black "Chamberlain, Ethan"]
[Result "1-0"]
[WhiteElo "2077"]
[BlackElo "1829"]
[PlyCount "65"]
[EventDate "2011.??.??"]

1. e4 c5 2. d4 cxd4 3. c3 dxc3 4. Nxc3 e6 5. Nf3 d6 6. Bc4 Be7 7. O-O Nf6 8.
Qe2 a6 9. Rd1 b5 10. Bb3 Nbd7 11. Bf4 Qb6 12. Rd2 Nc5 13. Bc2 b4 14. Na4 Nxa4
15. Bxa4+ Bd7 16. Bxd7+ Nxd7 17. Rad1 e5 18. Bg5 Bf8 19. Qc4 h6 20. Be3 Qb7 21.
Nh4 Rc8 22. Qd3 g6 23. f4 Be7 24. Nf3 Nc5 25. Bxc5 dxc5 26. Nxe5 O-O 27. Qc4
Kg7 28. Rd7 Rc7 29. Rxc7 Qxc7 30. Rd7 Qb6 31. Rxe7 Qf6 32. Qxc5 Qxf4 33. Nd7
1-0

[Event "Mechanics' Spring TNM; 30/90, SD/30"]
[Site "San Francisco"]
[Date "2011.04.05"]
[Round "4.3"]
[White "Jones, James"]
[Black "Grey, Peter"]
[Result "1-0"]
[WhiteElo "2077"]
[BlackElo "2003"]
[PlyCount "59"]
[EventDate "2011.??.??"]

1. e4 e5 2. Bc4 Nf6 3. d4 exd4 4. Nf3 Nc6 5. O-O Nxe4 6. Re1 d5 7. Bxd5 Qxd5 8.
Nc3 Qh5 9. Nxe4 Be6 10. Bg5 Bb4 11. c3 dxc3 12. bxc3 Ba5 13. Nd6+ cxd6 14. Qxd6
Bxc3 15. Rac1 Bf6 16. Bxf6 gxf6 17. Rxe6+ fxe6 18. Qxe6+ Ne7 19. Rc7 Qf7 20.
Qd7+ Kf8 21. Nd4 Re8 22. Ne6+ Kg8 23. Nd8 Qd5 24. Qxe8+ Kg7 25. Rxe7+ Kh6 26.
Nf7+ Kh5 27. Nxh8+ Kh6 28. Nf7+ Kh5 29. Ne5+ Kg5 30. Nf3+ 1-0

[Event "Mechanics' Spring TNM; 30/90, SD/30"]
[Site "San Francisco"]
[Date "2011.03.29"]
[Round "3.6"]
[White "Jones, James"]
[Black "Newey, Richard"]
[Result "1-0"]
[WhiteElo "2077"]
[BlackElo "1735"]
[Annotator "Donaldson"]
[PlyCount "55"]
[EventDate "2011.??.??"]

1. e4 c6 2. d4 d5 3. e5 Bf5 4. Bd3 Bxd3 5. Qxd3 (5. cxd3 e6 6. Nf3 c5 7. dxc5
Bxc5 8. d4) 5... e6 (5... Qa5+ 6. c3 Qa6) 6. Nf3 c5 7. dxc5 Qa5+ (7... Bxc5 8.
Qb5+ Nd7 9. Qxb7 Ne7) 8. Bd2 (8. c3 Qxc5 9. O-O Ne7 10. Nbd2 (10. Na3 a6 11. c4
)) 8... Qxc5 9. O-O Nc6 10. a3 a6 (10... Nge7 11. b4 Qb6 12. Be3 Qc7 13. Nc3)
11. Nc3 Qb6 12. b4 g6 13. Rfe1 Bg7 14. b5 Na5 15. bxa6 bxa6 (15... Nc4 16. Rab1
Qxa6 17. Nb5) 16. Nxd5 $1 exd5 17. Qxd5 Nc6 18. Ng5 (18. e6 Nge7 (18... fxe6
19. Rxe6+ Nge7 20. Rae1 Rd8 21. Rxc6 Qxf2+ 22. Kxf2 Rxd5 {(Rybka)}) 19. exf7+
Kf8 20. Rxe7 Kxe7 21. Re1+ Kf8 22. Qd6+ Kxf7 23. Ng5+ Kg8 24. Qd5+ Kf8 25. Qf7#
) 18... Nge7 19. Qxf7+ Kd7 20. Qxg7 h6 21. e6+ Kc7 22. Bf4+ Kb7 23. Rab1 hxg5
24. Rxb6+ Kxb6 25. Rb1+ Kc5 26. Bxg5 Rhg8 27. Bxe7+ Kc4 28. Qf6 1-0

[Event "Mechanics' Spring TNM; 30/90, SD/30"]
[Site "San Francisco"]
[Date "2011.03.29"]
[Round "3.4"]
[White "Klinetobe, David"]
[Black "Chamberlain, Ethan"]
[Result "0-1"]
[WhiteElo "2018"]
[BlackElo "1829"]
[Annotator "Donaldson"]
[PlyCount "70"]
[EventDate "2011.??.??"]

1. e4 c5 2. Nf3 Nc6 3. d4 cxd4 4. Nxd4 g6 5. c4 Bg7 6. Nc2 Nh6 7. Be2 O-O ({
It's better to play ...f5 before castling as in many lines the Rook on h8
supports the Knight on h6 and the King can be safer in the center or queenside.
} 7... d6 8. Nc3 (8. h4 f5 9. h5 fxe4 10. hxg6 hxg6 11. Nc3 Bf5) 8... f5) 8.
Nc3 d6 9. h4 f5 10. h5 fxe4 $6 (10... f4 {is safer.}) 11. hxg6 Qb6 12. Be3 {
This looks tempting but is not the best.} (12. Bxh6 {fails to} Bxh6 13. Rxh6
Qxf2+ 14. Kd2 Qf4+) ({Best and likely good for White are} 12. Nxe4 {and}) (12.
gxh7+ Kh8 13. Ne3) 12... Qxb2 13. Nxe4 Nf5 14. Rb1 Bc3+ (14... Qxa2 {
might be better.}) 15. Kf1 $4 (15. Nxc3 Qxc3+ 16. Bd2 {was fine for White.})
15... Qxc2 16. gxh7+ Kh8 17. Bf3 Nxe3+ 18. fxe3 Qxe4 19. Kf2 Qxc4 20. Rh5 Bg4
21. Rg5 Qxa2+ 22. Kg3 Bxf3 23. gxf3 b6 24. Qh1 Bf6 25. Rg8+ Rxg8+ 26. hxg8=Q+
Kxg8 27. f4 Rc8 28. Rg1 Qe2 29. Qd5+ Kf8 30. Qe6 Rc7 31. Rh1 Nd4 32. Qe4 Nf5+
33. Qxf5 Qxe3+ 34. Kg2 Qe2+ 35. Kg3 Rc3+ 0-1

[Event "Mechanics' Spring TNM; 30/90, SD/30"]
[Site "San Francisco"]
[Date "2011.03.15"]
[Round "1.7"]
[White "Klinetobe, David"]
[Black "MacIntyre, Brendan"]
[Result "1-0"]
[WhiteElo "2018"]
[BlackElo "1646"]
[PlyCount "63"]
[EventDate "2011.??.??"]

1. e4 c5 2. Nf3 Nc6 3. d4 cxd4 4. Nxd4 g6 5. c4 Bg7 6. Nc2 Nf6 7. Nc3 O-O 8.
Be2 d6 9. O-O a6 10. Be3 b6 11. Rc1 Bb7 12. f3 Rc8 13. Qd2 Re8 14. Rfd1 Ne5 15.
b3 Ned7 16. Nb4 Nc5 17. Nbd5 Bxd5 18. cxd5 b5 19. b4 Ncd7 20. a4 bxa4 21. Bxa6
Ra8 22. Bb5 a3 23. Bc6 Rb8 24. Nb5 Qc8 25. Nxa3 Qa6 26. Nc4 Red8 27. b5 Rxb5
28. Bxb5 Qxb5 29. Qa5 Qb8 30. Rb1 Qc8 31. Rdc1 Re8 32. Nxd6 1-0

[Event "Mechanics' Spring TNM; 30/90, SD/30"]
[Site "San Francisco"]
[Date "2011.04.19"]
[Round "6.3"]
[White "Klinetobe, David"]
[Black "Zavadsky, Peter"]
[Result "0-1"]
[WhiteElo "2018"]
[BlackElo "2299"]
[PlyCount "134"]
[EventDate "2011.??.??"]

1. e4 c5 2. Nf3 e6 3. d4 cxd4 4. Nxd4 a6 5. Bd3 Nc6 6. Nxc6 bxc6 7. O-O d5 8.
Qe2 Nf6 9. Bg5 Be7 10. Nd2 O-O 11. Rfe1 h6 12. Bf4 a5 13. exd5 cxd5 14. Nf3 Qb6
15. c3 Ba6 16. Bxa6 Qxa6 17. Qxa6 Rxa6 18. Rac1 Rc8 19. Rc2 g5 20. Bd2 Ne4 21.
Be3 Bc5 22. Bxc5 Rxc5 23. Nd2 Nd6 24. Nb3 Rc8 25. f3 a4 26. Nd4 Rb6 27. Kf2 Kf8
28. Kg3 Nb5 29. Nxb5 Rxb5 30. a3 Rc4 31. Rd2 Ke7 32. Rh1 h5 33. Re1 Kd6 34.
Rde2 Rb3 35. Rd2 e5 36. Re4 Rxe4 37. fxe4 d4 38. Kf2 Kc5 39. cxd4+ exd4 40.
Rc2+ Kd6 41. Rc4 Ke5 42. Rb4 Re3 43. Rxa4 Kxe4 44. b4 Rb3 45. Ra7 Rb2+ 46. Ke1
f5 47. a4 Rxb4 48. a5 Rb1+ 49. Kf2 Rb2+ 50. Kf1 Ra2 51. a6 h4 52. Ra8 h3 53.
gxh3 Kf3 54. Ke1 f4 55. a7 Ra1+ 56. Kd2 Kf2 57. Rg8 Rxa7 58. Rxg5 Rh7 59. Rd5
Rxh3 60. Rxd4 f3 61. Rd8 Rxh2 62. Rg8 Kf1+ 63. Ke3 f2 64. Kf3 Rh3+ 65. Kf4 Ke2
66. Re8+ Kd2 67. Rd8+ Rd3 0-1

[Event "Mechanics' Spring TNM; 30/90, SD/30"]
[Site "San Francisco"]
[Date "2011.05.03"]
[Round "8.9"]
[White "Krasnov, Steven"]
[Black "Curto, Wayne"]
[Result "1-0"]
[WhiteElo "1957"]
[BlackElo "1900"]
[PlyCount "105"]
[EventDate "2011.??.??"]

1. c4 c6 2. Nf3 d5 3. e3 Nf6 4. d4 Bf5 5. Nc3 e6 6. Be2 h6 7. O-O Bd6 8. a3
Nbd7 9. b4 dxc4 10. Bxc4 Nb6 11. Bd3 Bxd3 12. Qxd3 Nbd5 13. Ne2 Bc7 14. e4 Ne7
15. Rd1 O-O 16. Qc2 Ng6 17. Ne5 Ne7 18. Bb2 Rc8 19. Rd2 Bb8 20. Rad1 Qc7 21. g3
Rfd8 22. f3 Qb6 23. Nc4 Qc7 24. Nf4 Nh7 25. Qc3 Nf6 26. Qb3 Ne8 27. Kg2 Nf6 28.
a4 Qd7 29. Nd3 Qc7 30. e5 Ne8 31. Nc5 Nd5 32. Ne4 Qe7 33. Ba3 Qd7 34. Nc5 Qc7
35. Ne4 Qd7 36. Rc1 b5 37. Na5 Nb6 38. axb5 cxb5 39. Nc5 Qe7 40. Ne4 Rxc1 41.
Bxc1 Rc8 42. Nc5 Nd5 43. Rc2 Nb6 $138 44. Be3 Nd5 45. Bd2 Qc7 46. Rc1 Qb6 47.
Nd7 Qa6 48. Nxb8 Rxb8 49. Rc6 Rb6 50. Qc2 Nec7 51. Rxc7 Nxc7 52. Qxc7 f6 53.
exf6 1-0

[Event "Mechanics' Spring TNM; 30/90, SD/30"]
[Site "San Francisco"]
[Date "2011.04.26"]
[Round "7.10"]
[White "Krasnov, Steven"]
[Black "Hua, Arnold"]
[Result "0-1"]
[WhiteElo "1957"]
[BlackElo "1845"]
[PlyCount "52"]
[EventDate "2011.??.??"]

1. d4 d5 2. Nf3 c5 3. e3 Nf6 4. Nbd2 Nc6 5. Be2 Bf5 6. c3 e6 7. Nh4 Bg6 8. Nxg6
hxg6 9. Bf3 Bd6 10. g3 Qc7 11. dxc5 Bxc5 12. Nb3 Bd6 13. Nd4 a6 14. Bg2 e5 15.
Ne2 O-O-O 16. Qa4 e4 17. Bd2 Ne5 18. O-O Nf3+ 19. Bxf3 exf3 20. Nd4 Rxh2 21.
Nxf3 (21. Kxh2 Bxg3+ 22. Kg1 (22. fxg3 Rh8+ 23. Kg1 Qxg3#) 22... Bxf2+ 23. Kxf2
(23. Rxf2 Qg3+ 24. Kf1 Ne4 $19) 23... Ne4+ 24. Ke1 (24. Kxf3 Qg3+ 25. Ke2 Qg2+
26. Ke1 Qxd2#) 24... Qg3+ 25. Kd1 Qg2 26. Nxf3 Qxf1+ 27. Ne1 $17) 21... Rh5 22.
Kg2 $6 Ne4 23. Be1 Rdh8 24. c4 $2 (24. Rg1) 24... Kb8 25. cxd5 $2 (25. Rg1)
25... Qc8 26. Ng1 (26. Nh4 Rxh4 27. gxh4 Qg4+ 28. Kh1 Rxh4#) 26... Ng5 0-1

[Event "Mechanics' Spring TNM; 30/90, SD/30"]
[Site "San Francisco"]
[Date "2011.03.15"]
[Round "1.11"]
[White "Krasnov, Steven"]
[Black "Mar, Henry"]
[Result "1-0"]
[WhiteElo "1957"]
[BlackElo "1536"]
[PlyCount "73"]
[EventDate "2011.??.??"]

1. d4 Nf6 2. c4 g6 3. Nf3 Bg7 4. Nc3 O-O 5. e4 d6 6. h3 Nbd7 7. Be3 e5 8. Qd2
b6 9. dxe5 dxe5 10. Rd1 Qe7 11. Bd3 Bb7 12. O-O Rfd8 13. Bg5 Nc5 14. Nd5 Bxd5
15. cxd5 Qd6 16. Rfe1 a6 17. Bc2 Re8 18. b4 Ncd7 19. Bb3 a5 20. a3 a4 21. Bc4
Re7 22. Bb5 Nb8 23. Qc2 h6 24. Bc1 g5 25. Bxa4 Nh5 26. g3 Qf6 27. Rd3 Qg6 28.
Nh2 Nf6 29. f3 Nh5 30. Kg2 Qf6 31. Bb3 Qg6 32. Red1 Kh7 33. d6 cxd6 34. Rxd6 f6
35. Rd8 Nf4+ 36. Kh1 Nxh3 37. Bg8+ 1-0

[Event "Mechanics' Spring TNM; 30/90, SD/30"]
[Site "San Francisco"]
[Date "2011.04.26"]
[Round "7.9"]
[White "Krienke, Jason"]
[Black "Grey, Peter"]
[Result "1/2-1/2"]
[WhiteElo "1694"]
[BlackElo "2003"]
[PlyCount "55"]
[EventDate "2011.??.??"]

1. e4 e5 2. Nf3 Nc6 3. Bb5 a6 4. Ba4 Nf6 5. O-O Nxe4 6. Re1 Nc5 7. Bxc6 dxc6 8.
Nxe5 Be7 9. d4 Ne6 10. Qf3 O-O 11. c3 f6 12. Ng4 Bd6 13. Nd2 Ng5 14. Qd1 Re8
15. Ne3 Be6 16. Nf3 Nxf3+ 17. Qxf3 Qd7 18. Bd2 f5 19. Nf1 Qf7 20. b3 Bd5 21.
Qh3 f4 22. c4 Be4 23. Qg4 Re6 24. f3 Rg6 25. Qh3 Bf5 26. Qh4 Rh6 27. Qf2 Rg6
28. Qh4 1/2-1/2

[Event "Mechanics' Spring TNM; 30/90, SD/30"]
[Site "San Francisco"]
[Date "2011.04.05"]
[Round "4.13"]
[White "Krienke, Jason"]
[Black "Rumph, Todd"]
[Result "1/2-1/2"]
[WhiteElo "1694"]
[BlackElo "2161"]
[PlyCount "86"]
[EventDate "2011.??.??"]

1. e4 c6 2. d4 d5 3. exd5 cxd5 4. Nf3 Bg4 5. Be2 Nc6 6. c3 e6 7. O-O Bd6 8. Be3
Qc7 9. Nbd2 Nf6 10. Rc1 Ne4 11. h3 Nxd2 12. Qxd2 Bh5 13. c4 dxc4 14. Rxc4 Qd7
15. Re1 O-O 16. a3 Rad8 17. Rd1 Bg6 18. Bf4 Be4 19. Qe3 Bd5 20. Rcc1 Bxf4 21.
Qxf4 Bxf3 22. Bxf3 Nxd4 23. Kh1 e5 24. Qe4 b6 25. g4 Qe7 26. Bg2 Qf6 27. Rc7
Qxf2 28. Rf1 Qe2 29. Qb7 Ne6 30. Rcxf7 Qc4 31. Rxf8+ Rxf8 32. Rxf8+ Kxf8 33.
Qa8+ Kf7 34. Qxa7+ Qc7 35. Qxc7+ Nxc7 36. Bc6 Ke6 37. Kg2 Kd6 38. Be4 h6 39.
Kf3 Ne6 40. h4 Nd4+ 41. Ke3 g5 42. hxg5 hxg5 43. Kd3 Nb3 1/2-1/2

[Event "Mechanics' Spring TNM; 30/90, SD/30"]
[Site "San Francisco"]
[Date "2011.04.12"]
[Round "5.11"]
[White "Litowsky, Daniel"]
[Black "Eytan, David"]
[Result "0-1"]
[WhiteElo "1700"]
[BlackElo "1900"]
[Annotator "Donaldson"]
[PlyCount "68"]
[EventDate "2011.??.??"]

1. e4 c5 2. Nc3 Nc6 3. Bc4 d6 4. a3 Nf6 5. d3 g6 6. h3 Bg7 7. Nf3 O-O 8. O-O a6
9. Ne2 b5 10. Ba2 b4 11. axb4 Nxb4 12. Bb3 Bb7 13. c3 Nc6 14. Ng3 e6 15. Be3
Nd7 16. Nh2 Ne7 17. Qd2 d5 18. f3 Qb6 19. Ra3 d4 20. cxd4 Bxd4 21. Bxd4 cxd4
22. Ng4 f5 23. exf5 Nxf5 24. Nxf5 gxf5 25. Qg5+ Kh8 26. Nh6 Rf6 27. Re1 Raf8
28. Re2 Bxf3 $1 29. Rf2 Bb7 30. Bc4 Ne5 31. Rb3 Qc6 32. Qf4 (32. Ng4 $1) 32...
Ng6 $2 (32... Nd7 $1) 33. Qxd4 e5 34. Qb6 $4 (34. Qa7 {and White is better.})
34... Qxb6 0-1

[Event "Mechanics' Spring TNM; 30/90, SD/30"]
[Site "San Francisco"]
[Date "2011.05.03"]
[Round "8.15"]
[White "Litowsky, Daniel"]
[Black "Mar, Henry"]
[Result "0-1"]
[WhiteElo "1700"]
[BlackElo "1536"]
[PlyCount "80"]
[EventDate "2011.??.??"]

1. e4 c6 2. d4 d5 3. e5 e6 4. Nf3 Ne7 5. c3 b6 6. Bd3 Ba6 7. O-O Bxd3 8. Qxd3
g6 9. Be3 Bg7 10. h3 O-O 11. Nh2 f5 12. exf6 Bxf6 13. Ng4 Bg7 14. Nd2 Nd7 15.
Nf3 c5 16. Ng5 c4 17. Qc2 Nf5 18. Nxe6 Nxe3 19. Nxe3 Qh4 20. Nxf8 Rxf8 21. Rae1
Nf6 22. f3 Rd8 23. Qf2 Qf4 24. Ng4 Nh5 25. Re7 Bf8 26. Rxa7 Ng3 27. Re1 Bd6 28.
Ne5 Re8 29. Rf7 Qh4 30. Rd7 Bb8 31. Rxd5 Rf8 32. Rd7 Qf4 33. Qe3 Qh4 34. Ng4
Nf5 35. Qe6+ Kh8 36. Re4 Qg5 37. Rf7 Rxf7 38. Qxf7 Qc1+ 39. Kf2 Bg3+ 40. Ke2
Qe1# 0-1

[Event "Mechanics' Spring TNM; 30/90, SD/30"]
[Site "San Francisco"]
[Date "2011.04.05"]
[Round "4.19"]
[White "Litowsky, Daniel"]
[Black "Nelson, Christopher"]
[Result "1-0"]
[WhiteElo "1700"]
[BlackElo "1524"]
[PlyCount "87"]
[EventDate "2011.??.??"]

1. e4 e5 2. Nc3 Nc6 3. Bc4 Nf6 4. Nf3 Be7 5. a3 d6 6. h3 O-O 7. d3 h6 8. O-O
Na5 9. Ba2 c5 10. Ne2 Qe8 11. Ng3 Bd8 12. Bd2 Nc6 13. c3 Be6 14. Nh2 b5 15. f4
Bxa2 16. Rxa2 Qe6 17. Ra1 c4 18. f5 Bb6+ 19. Kh1 Qd7 20. dxc4 bxc4 21. Qe2 Na5
22. Rad1 Qc6 23. Ng4 Nxg4 24. Qxg4 Kh8 25. Nh5 Rg8 26. Qh4 Bd8 27. f6 g5 28.
Qf2 Qxe4 29. Ng3 Qh7 30. Be3 Nb7 31. Qf3 e4 32. Nxe4 Bb6 33. Bxb6 axb6 34. Nxd6
Nxd6 35. Rxd6 b5 36. Rfd1 Rab8 37. Rd7 Rge8 38. Qd5 Kg8 39. Rb7 Rxb7 40. Qxb7
Qf5 41. Qc6 Re6 42. Qd5 Re1+ 43. Kh2 Rh1+ (43... Qf4+ 44. g3 Qf2+ 45. Qg2 Qxg2+
46. Kxg2 Rxd1 $19) 44. Kxh1 1-0

[Event "Mechanics' Spring TNM; 30/90, SD/30"]
[Site "San Francisco"]
[Date "2011.03.23"]
[Round "2.20"]
[White "MacIntyre, Brendan"]
[Black "Capdeville, Barry"]
[Result "1-0"]
[WhiteElo "1646"]
[BlackElo "1309"]
[PlyCount "63"]
[EventDate "2011.??.??"]

1. d4 Nf6 2. c4 g6 3. Nc3 d5 4. cxd5 Nxd5 5. e4 Nxc3 6. bxc3 Bg7 7. Nf3 c5 8.
Bb5+ Nd7 9. O-O O-O 10. e5 a6 11. Bd3 cxd4 12. cxd4 Nb6 13. Be4 Nd5 14. Qb3 e6
15. Ba3 Re8 16. Bd6 b5 17. Bxd5 exd5 18. Qxd5 Be6 19. Qe4 f6 20. Rfd1 Rc8 21.
a4 bxa4 22. Rxa4 Bb3 23. Raa1 Bxd1 24. Qd5+ Kh8 25. Rxd1 Rb8 26. h4 Rb5 27. Qf7
fxe5 28. Ng5 Qxd6 29. Qxe8+ Qf8 30. Qxf8+ Bxf8 31. dxe5 Rxe5 32. Nf7+ 1-0

[Event "Mechanics' Spring TNM; 30/90, SD/30"]
[Site "San Francisco"]
[Date "2011.05.03"]
[Round "8.14"]
[White "MacIntyre, Brendan"]
[Black "Eytan, David"]
[Result "1-0"]
[WhiteElo "1646"]
[BlackElo "1900"]
[PlyCount "51"]
[EventDate "2011.??.??"]

1. d4 f5 2. Nf3 Nf6 3. Nc3 e6 4. e3 Nc6 5. Bd3 Bd6 6. Nb5 Ne4 7. Nxd6+ Nxd6 8.
c4 Ne7 9. Qc2 Ng6 10. Bd2 O-O 11. Bb4 Qe7 12. O-O a5 13. Ba3 b6 14. Ne5 Rf6 15.
f4 Bb7 16. b3 Nh4 17. Rf2 Rh6 18. g3 Rf8 19. gxh4 Qxh4 20. d5 Rff6 21. Rg2 exd5
22. cxd5 Bxd5 23. Bc4 Nxc4 24. Be7 Bxg2 25. Qxg2 Nxe3 26. Qa8+ 1-0

[Event "Mechanics' Spring TNM; 30/90, SD/30"]
[Site "San Francisco"]
[Date "2011.04.05"]
[Round "4.21"]
[White "MacIntyre, Brendan"]
[Black "Frank, Robert"]
[Result "1-0"]
[WhiteElo "1646"]
[BlackElo "1295"]
[PlyCount "57"]
[EventDate "2011.??.??"]

1. d4 Nf6 2. c4 e6 3. Nc3 Bb4 4. Nf3 c5 5. a3 Bxc3+ 6. bxc3 Nc6 7. Bg5 h6 8.
Bh4 d6 9. e3 g5 10. Bg3 Ne4 11. Qc2 f5 12. Bd3 Nxg3 13. fxg3 Rf8 14. O-O e5 15.
e4 g4 16. Nh4 cxd4 17. Nxf5 Bxf5 18. exf5 dxc3 19. Qxc3 Qg5 20. Be4 Nd4 21. Qd3
Rf7 22. Rab1 O-O-O 23. a4 Nc6 24. Bd5 Rc7 25. f6 Qh5 26. f7 Rf8 27. Be6+ Kb8
28. Qxd6 Nd8 29. Qxf8 1-0

[Event "Mechanics' Spring TNM; 30/90, SD/30"]
[Site "San Francisco"]
[Date "2011.04.12"]
[Round "5.14"]
[White "MacIntyre, Brendan"]
[Black "Ramachandran, Jayakrishnan"]
[Result "1/2-1/2"]
[WhiteElo "1646"]
[BlackElo "1852"]
[PlyCount "83"]
[EventDate "2011.??.??"]

1. d4 Nf6 2. c4 e6 3. Nc3 d5 4. e3 Nbd7 5. Nf3 b6 6. cxd5 exd5 7. Bd3 Bb7 8.
O-O Be7 9. Re1 O-O 10. Qc2 a6 11. Ng5 h6 12. Nh7 Re8 13. Nxf6+ Nxf6 14. f3 b5
15. b3 c6 16. Bb2 Qb6 17. a4 Bb4 18. axb5 axb5 19. Rxa8 Rxa8 20. Ra1 Rxa1+ 21.
Bxa1 Bd6 22. Ne2 Qc7 23. g3 Qa5 24. Bc3 Bb4 25. Qd2 Bxc3 26. Nxc3 Qa3 27. Qc2
Qa1+ 28. Nb1 Qa7 29. b4 Nd7 30. Nd2 Qa3 31. Qb1 Nb8 32. Qb3 Qc1+ 33. Nf1 Qe1
34. Qa3 Na6 35. Qa5 g6 36. Qd8+ Kg7 37. Qe7 Nxb4 38. Qe5+ Kg8 39. Qe8+ Kg7 40.
Qe5+ Kf8 41. Qb8+ Kg7 42. Qe5+ 1/2-1/2

[Event "Mechanics' Spring TNM; 30/90, SD/30"]
[Site "San Francisco"]
[Date "2011.04.26"]
[Round "7.18"]
[White "Mar, Henry"]
[Black "Cheng, Andrew"]
[Result "1-0"]
[WhiteElo "1536"]
[BlackElo "1417"]
[PlyCount "109"]
[EventDate "2011.??.??"]

1. e4 e5 2. Nf3 Nc6 3. g3 Nf6 4. d3 g6 5. Bg2 Bg7 6. O-O O-O 7. Bg5 b6 8. Qc1
Re8 9. Nc3 Ne7 10. Nxe5 d6 11. Nf3 Bb7 12. Qf4 Nh5 13. Qd2 Qd7 14. Bh6 Bh8 15.
Rae1 d5 16. e5 d4 17. Ne4 c5 18. Bg5 Nd5 19. c4 dxc3 20. bxc3 Bxe5 21. c4 Nc7
22. Nxe5 Rxe5 23. Nf6+ Nxf6 24. Rxe5 Bxg2 25. Kxg2 Ng4 26. Re2 Ne6 27. Be3
Nxe3+ 28. fxe3 Qc6+ 29. Kg1 f5 30. Ref2 h5 31. Qc2 Ng5 32. Rg2 Nh3+ 33. Kh1 Re8
34. Qd2 Re5 35. d4 cxd4 36. exd4 Re4 37. Qc3 Re2 38. d5 Qe8 39. Rxe2 Qxe2 40.
Re1 Qf2 41. Qe3 Qxe3 42. Rxe3 Nf2+ 43. Kg2 Ne4 44. Rd3 Kf7 45. d6 Ke8 46. d7+
Kd8 47. Ra3 a5 48. Rb3 Nc5 49. Rxb6 Kxd7 50. Rxg6 Ne6 51. Rh6 Kd6 52. Rxh5 Kc5
53. Rxf5+ Kxc4 54. Rxa5 Nc5 55. Rxc5+ 1-0

[Event "Mechanics' Spring TNM; 30/90, SD/30"]
[Site "San Francisco"]
[Date "2011.04.19"]
[Round "6.22"]
[White "Mar, Henry"]
[Black "Clark, Thomas"]
[Result "1-0"]
[WhiteElo "1536"]
[BlackElo "1101"]
[Annotator "Donaldson"]
[PlyCount "77"]
[EventDate "2011.??.??"]

1. e4 e5 2. Nf3 Nf6 3. d3 d6 4. g3 g6 5. Bg2 Bg7 6. O-O O-O 7. Bg5 h6 8. Be3
Nc6 9. Qd2 Ng4 10. Nc3 Ne7 11. h3 Nxe3 12. fxe3 c6 13. d4 Kh7 14. Rad1 Ng8 15.
Nh2 Qa5 16. a3 exd4 17. exd4 Bd7 18. Kh1 Qb6 19. Na4 Qc7 20. Nc3 Rae8 21. d5
Be5 22. Qe3 c5 23. Nf3 f5 24. Nxe5 Rxe5 25. Qd3 Qc8 26. Kh2 Ne7 27. Rf2 fxe4
28. Nxe4 Rxf2 29. Nxf2 Bf5 30. Be4 a6 31. g4 c4 32. Qf3 Bxe4 33. Nxe4 Qh8 34.
Nf6+ (34. Qf7+ Qg7 35. Qxg7+ Kxg7 36. Nxd6) 34... Kg7 35. Nd7 Kh7 36. Qf7+ Qg7
37. Qxg7+ Kxg7 38. Nxe5 dxe5 39. d6 1-0